=LDR 00000nam 2200000 4500 =001 INLIS000000000015292 =005 20130612110555 =008 ***********************************Ind** =035 ##$$0010-061300000015292 =041 ##$$a Ind =082 ##$$a 636.3 =090 ##$$a 636.3, Sin p =100 ##$$a Sinduredjo, Suwadi =245 ##$$a Pedoman Pemeliharaan Kambing perah, Suwadi Sinduredjo =260 ##$$a 1996 $b Jakarta =300 ##$$a 191 hlm, Ilus, 21 cm =650 ##$$a Kambing-Pemeliharaan =850 ##$$a NBPNMAT